000 00753nam a22002177a 4500
003 UA-OsUOA
001 121720
007 ta
008 20170327b un ||||| |||| 00| 0 ukr d
100 _aСтецько Я.
090 _a82
_bС79
942 _cSA
040 _aUA-OsUOA
_bukr
_cUA-OsUOA
_dUA-OsUOA
245 _aМузикальність української та французької прози другої половини ХХ століття ( на матеріалі творів О. Довженка, М. Вінграновського та А. Боско)
300 _aС.20-32
955 _a0
041 _aukr
080 _a82
773 0 _w121718
650 7 _a82 Література. Літературознавство
_2UDC
999 _c408148
_d408148